Home Print Resources E-Books E-Journals IIMT Lecture Series Library Membership Form Book Recommendation Form Campus Tour Take AdmissionAbout Us Contact Us

AIRPORT PLANNING AND DESIGN (Record no. 44110)

000 -LEADER
fixed length control field nam a22 7a 4500
003 - CONTROL NUMBER IDENTIFIER
control field OSt
005 - DATE AND TIME OF LATEST TRANSACTION
control field 20180503102947.0
008 - FIXED-LENGTH DATA ELEMENTS--GENERAL INFORMATION
fixed length control field 180503b xxu||||| |||| 00| 0 eng d
040 ## - CATALOGING SOURCE
Transcribing agency IIMT UNIVERSITY, MEERUT
050 ## - LIBRARY OF CONGRESS CALL NUMBER
Classification number 624.252KHA
Item number 296
082 ## - DEWEY DECIMAL CLASSIFICATION NUMBER
Edition number 6TH
Classification number 624.252KHA
Item number 296
100 ## - MAIN ENTRY--PERSONAL NAME
Personal name KHANNA, S K. ARORA
245 ## - TITLE STATEMENT
Title AIRPORT PLANNING AND DESIGN
Statement of responsibility, etc. AUTHOR
Medium ENGLISH
250 ## - EDITION STATEMENT
Edition statement 6TH
260 ## - PUBLICATION, DISTRIBUTION, ETC.
Place of publication, distribution, etc. ROORKEE
Name of publisher, distributor, etc. NEM CHAND
Date of publication, distribution, etc. 2009
300 ## - PHYSICAL DESCRIPTION
Other physical details 6TH ED.547 P P.
760 ## - MAIN SERIES ENTRY
Edition 6TH
856 ## - ELECTRONIC LOCATION AND ACCESS
Materials specified PAPERBACK
942 ## - ADDED ENTRY ELEMENTS (KOHA)
Source of classification or shelving scheme
Koha item type Text-Book- for 7 days
Edition 6TH
Classification part TITLE
Item part BOOK
Call number prefix 624.252KHA
Call number suffix 624.252KHA
Holdings
Withdrawn status Lost status Source of classification or shelving scheme Materials specified (bound volume or other part) Damaged status Not for loan Home library Current library Date acquired Source of acquisition Coded location qualifier Cost, normal purchase price Inventory number Total Checkouts Full call number Barcode Date last seen Copy number Uniform Resource Identifier Cost, replacement price Price effective from Koha item type Public note
      PAPER BACK     IIMT College of Architecture IIMT College of Architecture 05/03/2018 127 TRANSFER ARCHITECTU 150.00 127 TRANSFER   624.252KHA 296 24-B-296 05/03/2018 R ARCHITECTURE 150.00 04/30/2018 Text-Book- for 7 days DESIGNS
IIMT, Central Library. All Rights Reserved IIMT,UNIVERSITY © 2023
Implemented and Customised by I CLOUDE EMS
You Are OPAC Visitor No
free web counter

Powered by Koha